| 000 | 00358nam a2200145Ia 4500 | ||
|---|---|---|---|
| 005 | 20251222153522.0 | ||
| 008 | 251222s9999||||xx |||||||||||||| ||spa|| | ||
| 020 | _a842260857X | ||
| 082 | _a813.54/K46 | ||
| 100 | _aKesey, Ken | ||
| 245 | 0 | _aAlguien voló sobre el Nido del Cuco | |
| 250 | _a1ra.ed. | ||
| 264 | _bCírculo de Lectores, S.A. | ||
| 942 | _cLIB | ||
| 999 |
_c29769 _d29769 |
||